Dame tu mano / (Record no. 195896)

MARC details
000 -LEADER
campo de control de longitud fija 01212nam a2200349 i 4500
001 - NÚMERO DE CONTROL
campo de control 195896
003 - IDENTIFICADOR DE NÚMERO DE CONTROL
campo de control SpMaBN
005 - FECHA Y HORA DE LA ÚLTIMA TRANSACCIÓN
campo de control 20250326063213.0
008 - DATOS DE LONGITUD FIJA--INFORMACIÓN GENERAL
campo de control de longitud fija 240728s2019 sp | |||| 000 f spa
017 ## - NÚMERO DE COPYRIGHT O DE DEPÓSITO LEGAL
Número de copyright o de depósito legal M 33161-2019
Agencia que asigna Oficina Depósito Legal Madrid
020 ## - NÚMERO INTERNACIONAL ESTÁNDAR DEL LIBRO
Número Internacional Estándar del Libro 9788417248680
035 ## - NÚMERO DE CONTROL DEL SISTEMA
Número de control de sistema a6793543
040 ## - FUENTE DE CATALOGACIÓN
Centro catalogador/agencia de origen SpMaBN
Lengua de catalogación spa
Centro/agencia transcriptor SpMaBN
Normas de descripción rda
080 ## - NÚMERO DE LA CLASIFICACIÓN DECIMAL UNIVERSAL
Número de la Clasificación Decimal Universal 821.134.2-31"19"
100 0# - ENTRADA PRINCIPAL--NOMBRE DE PERSONA
Nombre de persona Casado Flores, Juan
9 (RLIN) 36017
245 10 - MENCIÓN DEL TÍTULO
Título Dame tu mano /
Mención de responsabilidad, etc. Juan Casado.
264 #1 - PRODUCCIÓN, PUBLICACIÓN, DISTRIBUCIÓN, FABRICACIÓN Y COPYRIGHT
Producción, publicación, distribución, fabricación y copyright Madrid :
Nombre del de productor, editor, distribuidor, fabricante Kailas,
Fecha de producción, publicación, distribución, fabricación o copyright [2019]
264 #4 - PRODUCCIÓN, PUBLICACIÓN, DISTRIBUCIÓN, FABRICACIÓN Y COPYRIGHT
Fecha de producción, publicación, distribución, fabricación o copyright ©2019
300 ## - DESCRIPCIÓN FÍSICA
Extensión 377 páginas ;
Dimensiones 23 cm
336 ## - TIPO DE CONTENIDO
Término de tipo de contenido Texto
Fuente rdacontent
337 ## - TIPO DE MEDIO
Nombre/término del tipo de medio sin mediación
Fuente rdamedia
338 ## - TIPO DE SOPORTE
Nombre/término del tipo de soporte volumen
Fuente rdacarrier
490 1# - MENCIÓN DE SERIE
Mención de serie Kailas ficción
655 #7 - TERMINO DE INDIZACIÓN--GENERO/FORMA
Datos o término principal de género/forma Novelas de amor
Fuente del término tgfbne
9 (RLIN) 226780
830 ## - PUNTO DE ACCESO ADICIONAL DE SERIE-TÍTULO UNIFORME
9 (RLIN) 223084
Título uniforme Kailas ficción
852 ## - LOCALIZACIÓN
Ubicación ES-MaACL
Sublocalización o colección R.152825
Ubicación en estantería Depósito J
Número de control de estantería N-9016
Anotaciones manuscritas Dedicatoria autógrafa del autor
Donativo/Legado Donación: Juan Casado
Encuadernación Encuadernación: Rústica con solapas
itemnumber 204885
903 ## - NOMBRE PERSONAL DE DONANTE
9 36017
a Casado Flores, Juan
e Donante
942 ## - ELEMENTOS DE ENTRADA SECUNDARIOS (KOHA)
Tipo de ítem Koha Libro impreso
Suprimir en OPAC No
954 ## - CATALOGADOR -ALTA REGISTRO
Estado de la copia Tatiana Alejandra de Castro Pérez
Holdings
Estatus retirado Estado de pérdida Fuente del sistema de clasificación o colocación Estado de daño No para préstamo Colección Biblioteca de origen Biblioteca actual Ubicación en estantería Fecha de adquisición Fuente de adquisición Total de préstamos Signatura topográfica completa Código de barras Visto por última vez Precio de reemplazo Tipo de ítem Koha Nota pública
    Clasificación decimal universal     Libros con dedicatorias Biblioteca del Ateneo de Madrid Biblioteca del Ateneo de Madrid Depósito J 24/03/2025 Donación   N-9016 101229733 24/03/2025 24/03/2025 Libro impreso Dedicatoria autógrafa del autor